| 000 | 00479cam a22001577a 4500 | ||
|---|---|---|---|
| 008 | 180718b1970 xxu||||| |||| 00| 0 eng d | ||
| 082 | _aB131x73 p983 | ||
| 100 | _aPutnam , Robert G. | ||
| 245 |
_aA geography of urban places _cEd. by Robert G. Putnam and others |
||
| 260 |
_aToronto _bMethuen _c1970 |
||
| 300 | _axiii,462p | ||
| 650 | _aUrbanization --Addresses, essays, lectures. | ||
| 650 | _aCities and towns | ||
| 700 | _aKettle, Phillip G. | ||
| 700 | _aTaylor, Frank J. | ||
| 999 |
_c408546 _d408546 |
||